[Event "Katowice rapid op"]
[Site "Katowice"]
[Date "2025.05.31"]
[Round "2"]
[White "Podolecki, Wojciech"]
[Black "Gierulski, Kamil"]
[Result "0-1"]
[WhiteElo "1565"]
[BlackElo "2260"]
[PlyCount "52"]
[EventDate "2025.05.31"]
[EventType "swiss"]
[EventRounds "11"]
[EventCountry "POL"]
[SourceTitle "CB24_2025"]
[SourceDate "2025.06.11"]
[SourceVersion "1"]
[SourceVersionDate "2025.06.11"]
[SourceQuality "1"]

1. d4 d5 2. c4 c6 3. e3 Nf6 4. Nc3 e6 5. Nf3 Nbd7 6. Bd3 dxc4 7. Bxc4 b5 8. Be2 Bd6 9. 0-0 0-0 10. Bd2 Bb7 11. Rc1 Rc8 12. Bd3 b4 13. Na4 c5 14. dxc5 Nxc5 15. Nxc5 Bxc5 16. Qe2 Qd6 17. Rfd1 Bxf3 18. gxf3 Nd5 19. Bc4 Qe5 20. Bxd5 exd5 21. Rc2 Rc6 22. Rdc1 Rg6+ 23. Kh1 Qg5 24. Qf1 Qh5 25. h3 Qxf3+ 26. Kh2 Bd6# 0-1